[Event "Women Candidates Pool A"]
[Site "Monaco MNC"]
[Date "2022.10.25"]
[Round "1.1"]
[White "Koneru, Humpy"]
[Black "Muzychuk, Anna"]
[Result "1-0"]
[WhiteTitle "GM"]
[BlackTitle "GM"]
[WhiteElo "2574"]
[BlackElo "2534"]
[WhiteFideId "5008123"]
[BlackFideId "14111330"]
[EventDate "2022.10.25"]
[EventType "k.o."]

1. d4 d5 2. c4 dxc4 3. Nf3 Nf6 4. e3 e6 5. Bxc4 c5 6. O-O a6 7. b3 Nbd7 8. Be2
b6 9. Ne5 Bb7 10. Bf3 Bxf3 11. Qxf3 Bd6 12. Nxd7 Nxd7 13. Ba3 Qb8 14. dxc5 Nxc5
15. Qc6+ Ke7 16. Nd2 Rc8 17. Qf3 Bxh2+ 18. Kh1 Bd6 19. Nc4 Kf8 20. Rad1 Be7 21.
Bxc5 bxc5 22. Rd7 Ra7 23. Nd6 Qxd6 24. Rxa7 1-0

[Event "Women Candidates Pool A"]
[Site "Monaco MNC"]
[Date "2022.10.26"]
[Round "1.2"]
[White "Muzychuk, Anna"]
[Black "Koneru, Humpy"]
[Result "1/2-1/2"]
[WhiteTitle "GM"]
[BlackTitle "GM"]
[WhiteElo "2534"]
[BlackElo "2574"]
[WhiteFideId "14111330"]
[BlackFideId "5008123"]
[EventDate "2022.10.25"]
[EventType "k.o."]

1. e4 e5 2. Nf3 Nf6 3. d4 Nxe4 4. dxe5 d5 5. Nbd2 Qd7 6. Bd3 Nc5 7. Be2 Ne6 8.
O-O Be7 9. Re1 O-O 10. Nf1 c5 11. Ng3 Rd8 12. Nf5 Bf8 13. c3 Nc6 14. Bd3 Qc7 15.
Bg5 Nxg5 16. Nxg5 g6 17. e6 fxe6 18. Rxe6 Ne7 19. Nh4 c4 20. Bxg6 hxg6 21. Nxg6
Bxe6 22. Qh5 Nxg6 23. Qxg6+ Kh8 24. Qh5+ Kg8 25. Qg6+ Kh8 26. Qh5+ Kg8 27. Qg6+
Kh8 28. Qh5+ 1/2-1/2

[Event "Women Candidates Pool A"]
[Site "Monaco MNC"]
[Date "2022.10.26"]
[Round "1.2"]
[White "Muzychuk, Mariya"]
[Black "Lei, Tingjie"]
[Result "1/2-1/2"]
[WhiteTitle "GM"]
[BlackTitle "GM"]
[WhiteElo "2527"]
[BlackElo "2535"]
[WhiteFideId "14114550"]
[BlackFideId "8605114"]
[EventDate "2022.10.25"]
[EventType "k.o."]

1. e4 e5 2. Nf3 Nf6 3. Nxe5 d6 4. Nf3 Nxe4 5. d4 d5 6. Bd3 Bd6 7. O-O O-O 8. c4
c6 9. Nc3 Nxc3 10. bxc3 dxc4 11. Bxc4 Bf5 12. Bg5 Qa5 13. d5 Qc5 14. Qb3 cxd5
15. Bxd5 Nc6 16. Be3 Qa5 17. Rad1 Qc7 18. h3 Rad8 19. c4 b6 20. Bxc6 Qxc6 21.
Nd4 Qc8 22. Nxf5 Qxf5 23. Rd5 Qe6 24. Rfd1 Bc7 25. Qb5 Rxd5 26. cxd5 Qe7 27. a4
Rd8 28. Qc4 Bd6 29. Qg4 Qd7 30. Qxd7 Rxd7 31. g4 f5 32. gxf5 Rf7 33. Rc1 Rxf5
34. Rc8+ Rf8 35. Rc6 Rd8 36. Kg2 Bf8 37. Rc7 Rxd5 38. Rxa7 Bc5 39. Bxc5 Rxc5 40.
Ra6 Rc4 1/2-1/2

[Event "Women Candidates Pool A"]
[Site "Monaco MNC"]
[Date "2022.10.28"]
[Round "1.3"]
[White "Koneru, Humpy"]
[Black "Muzychuk, Anna"]
[Result "1/2-1/2"]
[WhiteTitle "GM"]
[BlackTitle "GM"]
[WhiteElo "2574"]
[BlackElo "2534"]
[WhiteFideId "5008123"]
[BlackFideId "14111330"]
[EventDate "2022.10.25"]
[EventType "k.o."]

1. d4 d5 2. c4 e6 3. Nf3 Nf6 4. Nc3 c5 5. cxd5 cxd4 6. Qxd4 exd5 7. e4 dxe4 8.
Qxd8+ Kxd8 9. Ng5 Be6 10. a3 Nbd7 11. Bf4 Rc8 12. g3 Bb3 13. Bg2 Nh5 14. Be3 f5
15. g4 f4 16. Bd4 f3 17. gxh5 fxg2 18. Rg1 Nc5 19. Rxg2 h6 20. Ngxe4 Nxe4 21.
Nxe4 Rc4 22. Nd2 Rxd4 23. Nxb3 Rd5 24. Rc1 Rxh5 25. Rc3 Rd5 26. f4 g5 27. Rgc2
Bg7 28. Rc8+ Ke7 29. R8c7+ Rd7 30. Rxd7+ Kxd7 31. Nc5+ Ke7 32. fxg5 hxg5 33.
Nxb7 Be5 34. Na5 Bxh2 35. Nc6+ Kf6 36. Nxa7 Bf4 37. Nb5 g4 38. Nc3 Rh1+ 39. Ke2
Ke5 40. Kd3 g3 41. Re2+ Kf5 42. Ne4 1/2-1/2

[Event "Women Candidates Pool A"]
[Site "Monaco MNC"]
[Date "2022.10.28"]
[Round "1.3"]
[White "Lei, Tingjie"]
[Black "Muzychuk, Mariya"]
[Result "1/2-1/2"]
[WhiteTitle "GM"]
[BlackTitle "GM"]
[WhiteElo "2535"]
[BlackElo "2527"]
[WhiteFideId "8605114"]
[BlackFideId "14114550"]
[EventDate "2022.10.25"]
[EventType "k.o."]

1. d4 d5 2. c4 c6 3. Nf3 Nf6 4. e3 Bg4 5. h3 Bh5 6. Qb3 Qb6 7. cxd5 cxd5 8. Qxb6
axb6 9. Bb5+ Nfd7 10. Nc3 Bxf3 11. gxf3 e6 12. Bd2 Nc6 13. Ke2 Bd6 14. Rac1 Ke7
15. Na4 Rac8 16. Kd3 f5 17. Rhg1 g6 18. f4 Rhg8 19. Rc2 Rc7 20. Rcc1 Kf7 21. Ke2
Rgc8 22. f3 Ncb8 23. Rxc7 Rxc7 24. Bc3 Rc8 25. Kd2 h6 26. b3 Be7 27. Nb2 g5 28.
Nd3 Nc6 29. Rc1 gxf4 30. Nxf4 Rg8 31. Ke2 Ba3 32. Rd1 Bd6 33. Nd3 Rg2+ 34. Nf2
Nf6 35. Rc1 f4 36. Bd2 fxe3 37. Bxe3 Ne7 38. Bd3 Nh5 39. Kf1 Rg3 40. Ke2 Nc6 41.
Rd1 Nf4+ 42. Bxf4 Bxf4 43. Bb5 Ke7 44. Bxc6 bxc6 45. b4 Bd6 46. Rc1 Kd7 47. Nd3
Rxh3 48. a4 Rh2+ 49. Ke3 Ra2 50. b5 cxb5 51. axb5 Ra5 52. Rh1 Rxb5 53. Rxh6 Rb1
54. Rh7+ Ke8 55. f4 b5 56. Rh6 Kd7 57. Rh7+ Kc6 58. Rh6 Kd7 59. Rh7+ Kc6 60. Rh6
Kd7 1/2-1/2

[Event "Women Candidates Pool A"]
[Site "Monaco MNC"]
[Date "2022.10.29"]
[Round "1.4"]
[White "Muzychuk, Anna"]
[Black "Koneru, Humpy"]
[Result "1-0"]
[WhiteTitle "GM"]
[BlackTitle "GM"]
[WhiteElo "2534"]
[BlackElo "2574"]
[WhiteFideId "14111330"]
[BlackFideId "5008123"]
[EventDate "2022.10.25"]
[EventType "k.o."]

1. e4 e5 2. Nf3 Nf6 3. d4 Nxe4 4. dxe5 d5 5. Nbd2 Qd7 6. Bd3 Nc5 7. Be2 Ne6 8.
O-O Be7 9. Re1 O-O 10. Nf1 c5 11. Ng3 Rd8 12. Nf5 Nc6 13. b3 a6 14. a4 b6 15. h4
Bf8 16. Bd2 Bb7 17. h5 Ne7 18. N3h4 Nxf5 19. Nxf5 Kh8 20. Bg4 d4 21. h6 g6 22.
Ng3 c4 23. bxc4 Rac8 24. Rb1 Rxc4 25. Rxb6 Bc5 26. Rb3 Be7 27. Ne4 Bxe4 28. Rxe4
Qc6 29. Qf3 Kg8 30. Bxe6 fxe6 31. Qg4 Rxc2 32. Rd3 Bc5 33. Bg5 Rf8 34. Bf6 Qd5
35. Rexd4 Bxd4 36. Rxd4 Qa2 37. Rd7 Rxf6 38. exf6 Qa1+ 39. Kh2 Qe5+ 40. Kh3 Qxf6
41. Rg7+ Kh8 42. Ra7 Rc8 43. Qe4 Qg5 44. Qd4+ e5 45. Qh4 Qf5+ 46. Qg4 Qf8 47.
Qg5 Re8 48. Rxa6 Kg8 49. Rf6 Qe7 50. a5 Qd7+ 51. Kh2 e4 52. a6 Qc7+ 53. g3 e3
54. Qd5+ Kh8 55. Qd4 Kg8 56. Qd5+ Kh8 57. Rf7 Qc3 58. Qd7 1-0

[Event "Women Candidates Pool A"]
[Site "Monaco MNC"]
[Date "2022.10.29"]
[Round "1.4"]
[White "Muzychuk, Mariya"]
[Black "Lei, Tingjie"]
[Result "1/2-1/2"]
[WhiteTitle "GM"]
[BlackTitle "GM"]
[WhiteElo "2527"]
[BlackElo "2535"]
[WhiteFideId "14114550"]
[BlackFideId "8605114"]
[EventDate "2022.10.25"]
[EventType "k.o."]

1. e4 e5 2. Nf3 Nf6 3. Nxe5 d6 4. Nf3 Nxe4 5. d4 d5 6. Bd3 Bd6 7. O-O O-O 8. c4
c6 9. Re1 Bf5 10. Qb3 Qd7 11. Qc2 Na6 12. a3 Rae8 13. cxd5 cxd5 14. Nc3 Bg6 15.
Be3 Nxc3 16. Qxc3 Rc8 17. Qb3 Bxd3 18. Qxd3 Rfe8 19. Ne5 Bxe5 20. dxe5 Nc5 21.
Bxc5 Rxc5 22. b4 Rc4 23. Rad1 Rd8 24. h3 Qc6 25. Re3 Rc1 26. Rxc1 Qxc1+ 27. Kh2
Qc4 28. Qf5 d4 29. Rg3 g6 30. Qe4 Qd5 31. Qxd5 Rxd5 32. Rd3 Rxe5 33. Rxd4 Re2
34. Rd7 Ra2 35. Rxb7 Rxa3 36. b5 a5 37. Ra7 a4 38. b6 Rb3 39. b7 Kg7 40. f3 a3
41. Kg3 a2 42. Rxa2 Rxb7 43. h4 1/2-1/2

[Event "Women Candidates Pool A"]
[Site "Monaco MNC"]
[Date "2022.10.30"]
[Round "1.5"]
[White "Muzychuk, Anna"]
[Black "Koneru, Humpy"]
[Result "1/2-1/2"]
[WhiteTitle "GM"]
[BlackTitle "GM"]
[WhiteElo "2534"]
[BlackElo "2574"]
[WhiteFideId "14111330"]
[BlackFideId "5008123"]
[EventDate "2022.10.25"]
[EventType "k.o."]

1. e4 e5 2. Nf3 Nf6 3. d4 Nxe4 4. dxe5 d5 5. Nbd2 Nxd2 6. Bxd2 Be7 7. Bd3 c5 8.
c3 Bg4 9. h3 Bh5 10. O-O Nc6 11. Re1 Qd7 12. Bf4 a6 13. a4 Nd8 14. g4 Ne6 15.
Bg3 Bg6 16. Bf5 Qc6 17. a5 h5 18. Qd3 hxg4 19. hxg4 c4 20. Qe2 Bc5 21. Kg2 O-O-O
22. Rh1 Rxh1 23. Rxh1 d4 24. Qxc4 Bxf5 25. gxf5 Ng5 26. Qd3 dxc3 27. Qxc3 Ne4
28. Qc2 Nd2 29. Qc3 Ne4 30. Qc2 Nd2 31. Qc3 Ne4 32. Qc2 Nd2 1/2-1/2

[Event "Women Candidates Pool A"]
[Site "Monaco MNC"]
[Date "2022.10.30"]
[Round "1.6"]
[White "Koneru, Humpy"]
[Black "Muzychuk, Anna"]
[Result "1/2-1/2"]
[WhiteTitle "GM"]
[BlackTitle "GM"]
[WhiteElo "2574"]
[BlackElo "2534"]
[WhiteFideId "5008123"]
[BlackFideId "14111330"]
[EventDate "2022.10.25"]
[EventType "k.o."]

1. d4 d5 2. c4 e6 3. Nf3 Nf6 4. Nc3 c5 5. cxd5 cxd4 6. Qa4+ Bd7 7. Qxd4 exd5 8.
Bg5 Nc6 9. Qe3+ Be6 10. Nd4 Bc5 11. Nxe6 Bxe3 12. Nxd8 Bxg5 13. Nxc6 bxc6 14. g3
Nd7 15. Bg2 Rb8 16. b3 Ke7 17. O-O f5 18. e3 Bf6 19. Rac1 Rhc8 20. Bh3 g6 21. g4
fxg4 22. Bxg4 Rb4 23. Bh3 Bxc3 24. Rxc3 Rc7 25. Rfc1 Kd6 26. Bxd7 Kxd7 27. Rc5
Kd6 28. Kg2 a6 29. Ra5 Ra7 30. Rac5 Rc7 31. Ra5 Ra7 32. Rac5 Rc7 33. Ra5 Ra7 34.
Rac5 Rc7 1/2-1/2

[Event "Women Candidates Pool A"]
[Site "Monaco MNC"]
[Date "2022.10.30"]
[Round "1.7"]
[White "Muzychuk, Anna"]
[Black "Koneru, Humpy"]
[Result "1/2-1/2"]
[WhiteTitle "GM"]
[BlackTitle "GM"]
[WhiteElo "2534"]
[BlackElo "2574"]
[WhiteFideId "14111330"]
[BlackFideId "5008123"]
[EventDate "2022.10.25"]
[EventType "k.o."]

1. e4 e5 2. Nf3 Nf6 3. d4 Nxe4 4. dxe5 d5 5. Nbd2 Nxd2 6. Bxd2 Be7 7. Bd3 c5 8.
c3 Bg4 9. h3 Bh5 10. Bf5 Nc6 11. g4 Bg6 12. Qe2 Qb6 13. O-O-O Bxf5 14. gxf5
O-O-O 15. Rhg1 Rhe8 16. Rxg7 Bf6 17. Rxf7 Bxe5 18. Qf1 Qa5 19. Kb1 Qa4 20. Bg5
Rd6 21. Rxh7 Bxc3 22. b3 Qa5 23. Bf4 Nb4 24. a4 Rc6 25. Qb5 Qxb5 26. axb5 Re2
27. Bd2 Bxd2 28. bxc6 Bc3 29. cxb7+ Kb8 30. Rg1 Rb2+ 31. Kc1 Nd3+ 32. Kd1 Nxf2+
33. Kc1 Nd3+ 34. Kd1 Nf2+ 35. Kc1 Nd3+ 36. Kd1 Nf2+ 37. Kc1 Nd3+ 38. Kd1 1/2-1/2

[Event "Women Candidates Pool A"]
[Site "Monaco MNC"]
[Date "2022.10.30"]
[Round "1.8"]
[White "Koneru, Humpy"]
[Black "Muzychuk, Anna"]
[Result "0-1"]
[WhiteTitle "GM"]
[BlackTitle "GM"]
[WhiteElo "2574"]
[BlackElo "2534"]
[WhiteFideId "5008123"]
[BlackFideId "14111330"]
[EventDate "2022.10.25"]
[EventType "k.o."]

1. d4 d5 2. c4 e6 3. Nc3 c5 4. cxd5 cxd4 5. Qa4+ Bd7 6. Qxd4 exd5 7. Qxd5 Nf6 8.
Qd1 Bc5 9. e3 O-O 10. Nf3 Qe7 11. Be2 Rd8 12. O-O Nc6 13. Qc2 Rac8 14. a3 Ne5
15. Nd4 Ng6 16. Bd2 Bxd4 17. exd4 Qxe2 0-1

[Event "Women Candidates Pool A"]
[Site "Monaco MNC"]
[Date "2022.11.01"]
[Round "2.1"]
[White "Muzychuk, Anna"]
[Black "Lei, Tingjie"]
[Result "1/2-1/2"]
[WhiteTitle "GM"]
[BlackTitle "GM"]
[WhiteElo "2534"]
[BlackElo "2535"]
[WhiteFideId "14111330"]
[BlackFideId "8605114"]
[EventDate "2022.10.25"]
[EventType "k.o."]

1. e4 c5 2. Nf3 e6 3. g3 Nc6 4. Bg2 Nf6 5. Nc3 d5 6. exd5 exd5 7. d4 cxd4 8.
Nxd4 Bg4 9. Qd3 Bc5 10. Nb3 Qe7+ 11. Be3 Bxe3 12. Qxe3 Qxe3+ 13. fxe3 O-O-O 14.
h3 Bf5 15. O-O-O Rhe8 16. g4 Bg6 17. g5 Ne4 18. Bxe4 Bxe4 19. Rhf1 Bg6 20. Nxd5
Re5 21. Nf4 Rxd1+ 22. Kxd1 Rxg5 23. Nxg6 fxg6 24. Rf7 Rg1+ 25. Kd2 Rg2+ 26. Kd1
Ne5 27. Rxg7 Nc4 28. Rxh7 Nxe3+ 29. Kc1 Rxc2+ 30. Kb1 Rg2 31. Rh4 Rh2 32. Kc1 g5
33. Rh5 Rc2+ 34. Kb1 Rg2 35. Kc1 Nc4 36. h4 Nxb2 37. hxg5 Nd3+ 38. Kb1 Nf4 39.
Rh4 Ne6 40. Rc4+ Kd7 41. Nc5+ Nxc5 42. Rxc5 Kd6 43. Rf5 a6 44. Rf7 Rxg5 45. Rxb7
Rb5+ 46. Rxb5 1/2-1/2

[Event "Women Candidates Pool A"]
[Site "Monaco MNC"]
[Date "2022.11.02"]
[Round "2.2"]
[White "Lei, Tingjie"]
[Black "Muzychuk, Anna"]
[Result "1/2-1/2"]
[WhiteTitle "GM"]
[BlackTitle "GM"]
[WhiteElo "2535"]
[BlackElo "2534"]
[WhiteFideId "8605114"]
[BlackFideId "14111330"]
[EventDate "2022.10.25"]
[EventType "k.o."]

1. d4 Nf6 2. c4 g6 3. Nc3 d5 4. cxd5 Nxd5 5. e4 Nxc3 6. bxc3 Bg7 7. Be3 c5 8.
Nf3 Qa5 9. Qd2 Nc6 10. Rb1 a6 11. Rc1 cxd4 12. cxd4 Qxd2+ 13. Kxd2 e6 14. Bd3
O-O 15. h4 Rd8 16. Rc4 h6 17. Rb1 Bd7 18. Rb6 Be8 19. e5 Rd5 20. Rc2 Rad8 21.
Be4 Rb5 22. Rxb5 axb5 23. Ke2 Bf8 24. Rd2 Na5 25. Rc2 Nc6 26. Rd2 Na5 27. Rc2
Nc6 28. Rd2 1/2-1/2

[Event "Women Candidates Pool A"]
[Site "Monaco MNC"]
[Date "2022.11.04"]
[Round "2.3"]
[White "Muzychuk, Anna"]
[Black "Lei, Tingjie"]
[Result "1/2-1/2"]
[WhiteTitle "GM"]
[BlackTitle "GM"]
[WhiteElo "2534"]
[BlackElo "2535"]
[WhiteFideId "14111330"]
[BlackFideId "8605114"]
[EventDate "2022.10.25"]
[EventType "k.o."]

1. e4 c5 2. Nf3 e6 3. d4 cxd4 4. Nxd4 Nc6 5. Nc3 Qc7 6. Be2 a6 7. Nxc6 bxc6 8.
Qd3 d5 9. Qg3 Qxg3 10. hxg3 Nf6 11. g4 Bb7 12. a4 Be7 13. g5 Nxe4 14. Nxe4 dxe4
15. Be3 O-O-O 16. Bc4 h6 17. gxh6 gxh6 18. Rxh6 Rxh6 19. Bxh6 Rh8 20. Be3 Rh1+
21. Bf1 Bd6 22. O-O-O c5 23. Rxd6 Rxf1+ 24. Kd2 Kc7 25. Bxc5 Rxf2+ 26. Bxf2 Kxd6
27. g3 Ke5 28. Bb6 Kf5 29. Ke3 Bc6 30. b3 e5 31. Bc7 f6 32. Bd8 Be8 33. g4+ Kxg4
34. Bxf6 Kf5 35. Bh4 Bc6 36. c4 Be8 37. Bg3 Bh5 38. Kd2 e3+ 39. Kc3 Bd1 40. a5
Ke6 1/2-1/2

[Event "Women Candidates Pool A"]
[Site "Monaco MNC"]
[Date "2022.11.05"]
[Round "2.4"]
[White "Lei, Tingjie"]
[Black "Muzychuk, Anna"]
[Result "1-0"]
[WhiteElo "2535"]
[BlackElo "2534"]
[EventDate "2022.10.25"]
[EventType "k.o."]

1. d4 Nf6 2. c4 g6 3. Nc3 d5 4. cxd5 Nxd5 5. e4 Nxc3 6. bxc3 Bg7 7. Qa4+
Nd7 8. Nf3 O-O 9. Be2 Nb6 10. Qb4 Qd6 11. O-O Bg4 12. Qb3 Be6 13. d5 Bg4
14. h3 Bxf3 15. Bxf3 c6 16. Ba3 Qc7 17. Rae1 cxd5 18. exd5 Bf6 19. Re4 Rfc8
20. Bg4 Rd8 21. c4 h5 22. Be2 Rac8 23. Re1 Rd7 24. g4 h4 25. Qe3 g5 26. Bd3
Na4 27. Bxe7 Rxe7 28. Rxe7 Qxe7 29. Qxe7 Bxe7 30. Rxe7 Nc5 31. Bf5 Kf8 32.
Rxf7+ Kxf7 33. Bxc8 b6 34. Bf5 Kf6 35. d6 Nb7 36. d7 Ke7 37. f4 gxf4 38.
Kf2 Nd6 39. Kf3 Nxc4 40. Kxf4 Nd6 41. g5 Nb7 42. Ke5 1-0